000 00631cam a2200217ua 4500
001 9410
005 20260515114449.0
008 150826n ii |||gr||||Z||||||eng
040 _cMAIN
041 _aeng
082 _a658.3
100 _aRao, P Subba,
_eAuthor.
245 1 _aEssentials of human resource management and industrial relations :
_btext, cases and games /
_cby P Subba Rao .
250 _a2nd rev. & enl. ed.
260 _aMumbai:
_bHimalaya publishing house,
_c2000.
300 _a790p.
653 _aGeneral management
653 _aHuman resource management
653 _aIndustrial relations
942 _cBK
999 _c8457
_d8457